| 000 | 00566nam a2200181Ia 4500 | ||
|---|---|---|---|
| 003 | GCL | ||
| 008 | 140319s9999 xx 000 0 ara d | ||
| 040 |
_aGCL / _cGCL |
||
| 082 | 0 | 4 |
_a811.962 _bح ج |
| 100 | 1 | _aحسن توفيق | |
| 245 | 1 | 0 |
_aجمال عبد الناصر: الزعيم فى قلوب الشعراء / _cحسن توفيق |
| 300 | _a164 | ||
| 490 |
_a100 قصة _v0 |
||
| 650 | 0 | 4 | _aالشعر العربى - دواوين وقصائد |
| 650 | 0 | 4 | _aالشعر - العصر الحديث |
| 650 | 0 | 4 | _aجمال عبدالناصر |
| 942 |
_2ddc _cBK |
||
| 999 |
_c46677 _d46677 |
||